000 00694nam a22002417a 4500
003 UA-OsUOA
001 44504
007 ta
008 20101105b un ||||| |||| 00| 0 ukr d
100 _aСтельмах М.
090 _a82-31
_bС79
942 _cBK
040 _aUA-OsUOA
_bukr
_cUA-OsUOA
_dUA-OsUOA
245 _aВелика рідня
300 _a965 с.
955 _a3
041 _aukr
080 _a82-31
260 _aК.
_bВидавництво "Дніпро"
650 7 _a82 Література. Літературознавство
_2UDC
999 _c424567
_d424567